100 Biggest Cities in Sweden / Sveriges 100 största städer - Statistics

General Stats
  • This quiz has been taken 13,815 times
  • The average score is 45 of 100
Answer Stats
Hint Answer % Correct
1 Stockholm
99%
2 Göteborg
98%
3 Malmö
98%
4 Uppsala
92%
12 Umeå
87%
7 Linköping
85%
9 Jönköping
84%
10 Norrköping
84%
22 Luleå
83%
8 Helsingborg
81%
6 Örebro
81%
11 Lund
80%
5 Västerås
79%
29 Kalmar
76%
13 Gävle
75%
65 Kiruna
75%
17 Karlstad
74%
14 Borås
69%
21 Sundsvall
69%
20 Halmstad
68%
19 Växjö
68%
53 Visby
68%
24 Östersund
67%
16 Södertälje
66%
15 Eskilstuna
63%
28 Falun
62%
31 Karlskrona
62%
63 Ystad
59%
33 Skellefteå
58%
25 Borlänge
57%
30 Kristianstad
57%
51 Piteå
57%
23 Trollhättan
55%
41 Trelleborg
54%
45 Lidköping
52%
37 Nyköping
52%
68 Köping
50%
43 Varberg
49%
40 Örnsköldsvik
48%
32 Skövde
47%
58 Falkenberg
46%
35 Uddevalla
46%
70 Norrtälje
45%
71 Oskarshamn
43%
57 Enköping
42%
38 Motala
42%
36 Landskrona
41%
59 Karlshamn
39%
49 Ängelholm
38%
44 Karlskoga
38%
76 Mariestad
38%
56 Västervik
38%
79 Hudiksvall
37%
60 Kungsbacka
36%
61 Värnamo
36%
64 Boden
34%
62 Hässleholm
33%
46 Alingsås
32%
74 Falköping
32%
69 Härnösand
32%
100 Söderhamn
32%
18 Täby
32%
54 Katrineholm
31%
73 Nässjö
31%
50 Sandviken
31%
84 Arvika
30%
89 Nynäshamn
30%
98 Ronneby
30%
97 Mjölby
29%
27 Upplands Väsby
29%
82 Avesta
28%
66 Kristinehamn
28%
55 Vänersborg
28%
34 Lidingö
27%
96 Sala
27%
52 Kungälv
26%
77 Ljungby
26%
83 Ludvika
26%
93 Bollnäs
25%
67 Eslöv
24%
88 Kumla
24%
92 Strängnäs
24%
91 Vetlanda
24%
47 Märsta
23%
26 Tumba
21%
94 Nybro
20%
39 Vallentuna
20%
85 Tranås
19%
72 Lerum
18%
42 Åkersberga
16%
86 Bålsta
16%
48 Boo
16%
87 Höganäs
16%
75 Mölnlycke
15%
80 Staffanstorp
15%
81 Kinna
14%
95 Finspång
12%
99 Onsala
12%
78 Västerhaninge
11%
90 Skoghall
9%
No matching quizzes found
Score Distribution
Percent of People with Each Score
Percentile by Number Answered
Your Score History
You have not taken this quiz